Belgium 2022 FIFA World Cup Squad - Statistics

General Stats
  • This quiz has been taken 3,933 times
    3,860 since last reset
  • The average score is 16 of 27
Answer Stats
# Position Player % Correct
1 GK Thibaut Courtois
98%
9 FW Romelu Lukaku
97%
7 MF Kevin De Bruyne
96%
10 FW © Eden Hazard
93%
16 FW Thorgan Hazard
93%
5 DF Jan Vertonghen
84%
2 DF Toby Alderweireld
75%
6 MF Axel Witsel
70%
8 MF Youri Tielemans
68%
12 GK Simon Mignolet
65%
Manager Roberto Martínez
62%
25 FW Jérémy Doku
60%
15 DF Thomas Meunier
60%
11 MF Yannick Carrasco
59%
13 GK Koen Casteels
57%
14 FW Dries Mertens
55%
23 FW Michy Batshuayi
53%
21 MF Timothy Castagne
51%
17 MF Leandro Trossard
48%
4 DF Wout Faes
47%
18 MF Amadou Onana
45%
3 DF Arthur Theate
37%
24 FW Loïs Openda
36%
22 MF Charles De Ketelaere
34%
20 MF Hans Vanaken
34%
19 MF Leander Dendoncker
34%
26 DF Zeno Debast
28%
No matching quizzes found
Score Distribution
Percent of People with Each Score
Percentile by Number Answered
Your Score History
You have not taken this quiz since the last reset